| Поле | Инд. | ПП | Название | Значение |
|---|---|---|---|---|
| Тип записи | a | |||
| Библиографический уровень | b | |||
| 001 | Контрольный номер | 888bf06948f34fdb9ca2beb3e448e3ee | ||
| 005 | Дата корректировки | 20230111120954.3 | ||
| 040 | a | Служба первич. каталог. | Scopus | |
| 041 | 0_ | a | Код языка текста | eng |
| 097 | a | Костяева О.Г. | ||
| 100 | 1_ | a | Автор | Borodin A. |
| 100 | 1_ | a | Автор | Grinyuk A. |
| 100 | 1_ | a | Автор | Pan A. |
| 100 | 1_ | a | Автор | Sagan Y. |
| i | 100089266 | |||
| j | Принадлежность неизвестного автора к последователям, ученикам, сторонникам, школе и т. д. | государственный университет "Дубна" | ||
| k | Кафедра ядерной физики; Инженерно-физический институт | |||
| q | Полное имя | Сагань Ярослав Игоревич | ||
| u | Дополнение | Сагань Я. И. | ||
| 100 | 1_ | a | Автор | Tkachev L. G. |
| c | Титул (звания) | старший научный сотрудник; кандидат физико-математических наук; доцент (должность); | ||
| g | Прочие сведения | РИНЦ AuthorID: 34976 (http://elibrary.ru/author_profile.asp?id= 34976); Scopus Author ID: 8333006800 (https://www.scopus.com/authid/detail.uri?authorId=8333006800) | ||
| i | 000091260 | |||
| k | Кафедра ядерной физики; Инженерно-физический институт | |||
| q | Полное имя | Ткачев Леонид Григорьевич | ||
| u | Дополнение | Ткачев Л. Г.; Tkachev Leonid G. | ||
| j | Принадлежность неизвестного автора к последователям, ученикам, сторонникам, школе и т. д. | государственный университет "Дубна" | ||
| 245 | 10 | a | Заглавие | The precision of the IACT mechanical mounts of the TAIGA observatory |
| 773 | 18 | t | Название источника | Proceedings of Science |
| b | Сведения об издании | Sissa Medialab Srl | ||
| c | Italy | |||
| x | ISSN | 1824-8039 | ||
| g | Прочая информация | V. 395. - P. 316 | ||
| d | Место и дата издания | 2021 | ||
| m | Специф. данные | входит в Scopus; сборник трудов конференции | ||
| o | Прочие индексы | scopus 0.11 | ||
| w | Контрольный № источника | 427c302de3ec48df950d4e82f8826b43 | ||
| a | Заголовок основной записи | 37th International Cosmic Ray Conference (ICRC 2021) | ||
| 901 | t | Тип документа | b | |
| 952 | c | Вид литературы | материалы конференции |